Guess the Fusion Rock Song Lyrics #225 - Statistics

General Stats
  • This quiz has been taken 10 times
  • The average score is 188 of 252
Answer Stats
Answer % Correct
a
100%
And
100%
and
100%
do
100%
don't
100%
go
100%
of
100%
you
100%
You
100%
Your
100%
your
100%
all
88%
it
88%
it's
88%
out
88%
Out
88%
The
88%
the
88%
to
88%
To
88%
Where
88%
because
75%
daddy
75%
dance
75%
If
75%
I'll
75%
in
75%
into
75%
know
75%
mama
75%
on
75%
say
75%
then
75%
There
75%
about
63%
by
63%
car
63%
find
63%
just
63%
Loggins and Messina
63%
me
63%
no
63%
rock
63%
roll
63%
sin
63%
time
63%
When
63%
win
63%
you're
63%
You're
63%
again
50%
around
50%
back
50%
dark
50%
drive
50%
eyes
50%
gonna
50%
gotta
50%
home
50%
lose
50%
never
50%
nice
50%
says
50%
That
50%
town
50%
with
50%
ain't
38%
bring
38%
comin
38%
date
38%
guy
38%
long
38%
place
38%
police
38%
pull
38%
seat
38%
ten
38%
There's
38%
breeze
25%
end
25%
evening
25%
folks
25%
hair
25%
hop
25%
late
25%
light
25%
move
25%
old
25%
park
25%
rolls
25%
Thinkin
25%
ya
25%
excusin
0%
local
0%
Louie
0%
No matching quizzes found
Score Distribution
Percent of People with Each Score
Percentile by Number Answered
Your Score History
You have not taken this quiz